|
|
|
|
| LEADER |
00000nam a2200000 a 4500 |
| 001 |
vtls008309006 |
| 003 |
SK-MaSNL |
| 005 |
20260302053814.0 |
| 008 |
181127s1956 xo 000 slo |
| 015 |
|
|
|a SKSNBA1957/01-00095
|
| 035 |
|
|
|a SK01SNK19570001223
|
| 035 |
|
|
|a SKM000003686
|
| 040 |
|
|
|a SNK
|b slo
|c SNK
|e AACR2
|
| 041 |
1 |
|
|a slo
|
| 044 |
|
|
|a xo
|c SK
|
| 080 |
|
|
|a 027.6(437.6)(083)
|2 1981
|
| 100 |
1 |
|
|a Hajdušek, Jozef,
|d 1923-1996
|4 aut
|9 186207
|
| 245 |
1 |
0 |
|a Rozvoj technických závodných knižníc na Slovensku
|c Jozef Hajdušek
|
| 260 |
|
|
|a Bratislava
|b SUTEIN
|c 1956
|
| 300 |
|
|
|a 92 s.
|c 8°
|
| 650 |
0 |
7 |
|a knižnice technické
|z Slovensko
|x zoznamy
|2 SNK
|9 712227
|
| 655 |
|
7 |
|a príručky
|2 SNKPH
|9 74364
|
| 852 |
|
|
|a Slovenská národná knižnica v Martine
|b 10000
|h SD 12411
|
| 852 |
|
|
|a Slovenská národná knižnica v Martine
|b 10000
|h SD 12411 D1
|
| 958 |
|
|
|a OND
|
| 958 |
|
|
|a RM
|
| 958 |
|
|
|a RK
|
| 999 |
|
|
|c 1110921
|d 1112851
|
| 952 |
|
|
|a SNK
|b SNK
|y PREZ
|7 0
|p 17A0495046
|o snkSD 12411
|i snkKSP 3948/56
|0 0
|1 0
|4 0
|d 2006-01-26
|l 0
|r 2025-11-25 00:00:00
|w 2026-02-24
|